Derecho Penal : (Record no. 45482)

MARC details
000 -LEADER
fixed length control field 00657nam a22002057a 4500
005 - DATE AND TIME OF LATEST TRANSACTION
control field 20150124125607.0
008 - FIXED-LENGTH DATA ELEMENTS--GENERAL INFORMATION
fixed length control field 131121t ag||||| |||| 00| 0 spa d
020 ## - INTERNATIONAL STANDARD BOOK NUMBER
International Standard Book Number 9502005269
050 04 - LIBRARY OF CONGRESS CALL NUMBER
Classification number KHA5419
Item number F66 1989
100 1# - MAIN ENTRY--PERSONAL NAME
Personal name Fontan Balestra, Carlos
245 10 - TITLE STATEMENT
Title Derecho Penal :
Remainder of title Introducción y Parte general /
Statement of responsibility, etc Carlos Fontan Balestra ; adapt. Guillermo A. C. Ledesma
250 ## - EDITION STATEMENT
Edition statement 12a ed.
260 ## - PUBLICATION, DISTRIBUTION, ETC. (IMPRINT)
Place of publication, distribution, etc Argentina :
Name of publisher, distributor, etc Abeledo-Perrot,
Date of publication, distribution, etc 1989
300 ## - PHYSICAL DESCRIPTION
Extent v. ;
Dimensions 24 cm.
504 ## - BIBLIOGRAPHY, ETC. NOTE
Bibliography, etc Incluye índice
505 ## - FORMATTED CONTENTS NOTE
Formatted contents note vol no. 1 -- vol no 2
650 #7 - SUBJECT ADDED ENTRY--TOPICAL TERM
Source of heading or term Lemb
Topical term or geographic name as entry element Derecho Penal
Geographic subdivision Argentina
700 1# - ADDED ENTRY--PERSONAL NAME
Personal name Ledesma, Guillermo A. C.,
Relator term adapt.
942 ## - ADDED ENTRY ELEMENTS (KOHA)
Source of classification or shelving scheme Clasificación Decimal Dewey
Koha item type Libro
Holdings
Estado de pérdida Fuente de clasificación Estado del daño No para préstamo Ubicación permanente Ubicación actual Apartado o colección Fecha de adquisición Clasificación Código de Barras Date last seen Número de copia Tipo de recurso
  Biblioteca del Cogreso de los Estados Unidos     Biblioteca Campus Ciudad Hidalgo Biblioteca Campus Ciudad Hidalgo General 21/11/2013 KHA5419 F66 1989 V I BCCH000000816 16/01/2015 C : 1 V I Libro
  Biblioteca del Cogreso de los Estados Unidos     Biblioteca Campus Ciudad Hidalgo Biblioteca Campus Ciudad Hidalgo General 21/11/2013 KHA5419 F66 1989 V II BCCH000000817 16/01/2015 C : 1 V II Libro